01190nam a2200265 a 450000100100000000500170001000800410002702000140006804000250008208200200010710000350012724500650016226000450022730000200027249000250029250000660031765000400038365000400042383000320046391000370049595201330053295201180066595201240078399900170090700004436720240409073825.0101014s200u dr a 000 j spa d z945426443 aDO-SdBNPbspacBNPHU aRD863.44bC712m1 aCollins de Colado, Mary95194713aLa misteriosa islita del jardín /cMary Collins de Colado. aSanto Domingo :bEdiciones SM,c[200-?]. a63 p. ;c19 cm.1 aEl barco de vaporv1 aIncluye datos biográficos de la autora en la contracubierta 0aCuentos infantiles dominicanos9505 4aLiteratura infantil dominicana9441 0aEl barco de vaporn1972374 aValidado. Control de calidad MFF 001054708DSaGRbGRcHDd2017-05-23iLF1l0oRD863.44 C712mp44367-30r2020-06-25te. 3w2020-06-25yLFDSZPréstamo en sala 0010718PDaPDbPDcHDd2014-06-24iLF1l0oRD863.44 C712mp44367-10r2020-06-25w2020-06-25yLFPDZNo se presta 0010718PDaPDbPDcHDd2014-06-24iLF1l0oRD863.44 C712mp44367-20r2020-06-25te. 2w2020-06-25yLFPDZNo se presta c43856d43856